Roscoff - Choix multiples - Statistiques

Statistiques générales
  • Ce quiz a été pris 12 fois
  • Le résultat moyen est 7 sur 10
Statistiques - réponses
Question Réponse % Correct
Dans quelle région (d'avant 2016) se situe Roscoff ? La Bretagne
100%
Dans quelle ancienne principauté (comté puis évêché) de cette région se situe Roscoff ? Le pays de Léon
92%
Quel légume (A.O.P. et A.O.C.) dont la variété de Roscoff cultivée depuis le XVIIe siècle, à l'initiative d'un moine de retour du Portugal, se caractérise par sa couleur rosée ? L'oignon
92%
Reconnaissez-vous Roscoff sur l'une de ces images ?
83%
Quelle procession dédiée à sainte Barbe a lieu à Roscoff chaque troisième dimanche de juillet ? Le Pardon
75%
Quelle reine d'Écosse débarqua enfant à Roscoff avant de passer sa jeunesse en France ? Marie Stuart
75%
Dans quel traitement par lequel sont utilisés les bienfaits du milieu marin dans un but préventif ou curatif, la ville de Roscoff était-elle pionnière ? La thalassothérapie
67%
À quelle bataille participèrent des paysans insurgés de Roscoff contre le service militaire obligatoire décrété par la Convention en 1793 ? La bataille de Kerguidu
58%
Comment appelle-t-on les habitant(e)s de Roscoff ? Les Roscovites
50%
Quel arbre planté à Roscoff durant la première moitié du XVIIe siècle, dans le jardin du couvent des Capucins était devenu une attraction touristique mais fut abattu en 1987 dans le cadre d'un projet immobilier ? Un figuier
42%
Aucun quiz correspondant
Distribution des résultats
% des personnes avec chaque résultat
Percentile par nombre de réponses
Votre historique - résultats
Vous n’avez pas pris ce quiz